000 00573nam a22001817a 4500
003 NUST
038 _aMr. Zahoor
082 _a610.28
100 _aTahir, Shazia
_917469
245 _aIsolation and Characterization of Flavonoids from Berberis lycium Leaves /
_cShazia Tahir
260 _aIslamabad :
_bSMME - NUST,
_c2018.
300 _axvi,63 p. : ill. ;
_c30cm.
500 _aHardcover.
650 _aBiomedical Science - MS Thesis
_916111
700 _aDr. Nosheen Rana
_917470
856 _u http://10.250.8.41:8080/xmlui/handle/123456789/8315
942 _2ddc
_cTHE
999 _c526462
_d526462